| 000 | 00429nam a2200145Ia 4500 | ||
|---|---|---|---|
| 008 | 230711s9999||||xx |||||||||||||| ||und|| | ||
| 041 | _aENG | ||
| 082 |
_a620 _bTR-P |
||
| 100 | _aTrivedi,Kishor S | ||
| 245 | 0 | _aProbability and statics with reliability, queuing and computer science applications | |
| 250 | _a1st . Ed. | ||
| 260 |
_c2006 _aNew Delhi _bPHI Learning Private Limited |
||
| 650 | _aComputer Engineering | ||
| 942 | _cBK | ||
| 999 |
_c4867 _d4867 |
||